| 000 | 01099cam a2200325 a 4500 | ||
|---|---|---|---|
| 001 | 000102876 | ||
| 003 | CHAP | ||
| 005 | 20220329143619.0 | ||
| 008 | 100930s1998 mx r o00010 spa d | ||
| 010 | _a99339 | ||
| 011 | _a100311 | ||
| 035 | _a110997 | ||
| 040 | _cCHAP | ||
| 082 | 0 | 4 |
_a338.9 _bS62 |
| 110 | 2 |
_aInstituto Nacional de Estadística, Geografía e Informática. México _959304 |
|
| 245 | 1 | 0 |
_aSistema de clasificación industrial de América del Norte : _bMéxico / _c/por Instituto Nacional de Estadística, Geografía e Informática. |
| 260 |
_aAguascalientes, Ags. : _bINEGI, _c1998. |
||
| 300 | _av. | ||
| 500 | _aLa biblioteca tiene: 1997, 2007, 2013 | ||
| 590 |
_aBATCH-UPD _b10 _c20130110 _lUCH01 _h1118 |
||
| 590 |
_aBATCH-UPD _b10 _c20130410 _lUCH01 _h0708 |
||
| 590 |
_aBATCH-UPD _b10 _c20130914 _lUCH01 _h1634 |
||
| 590 |
_aCONVERSION _b10 _c20130109 _lUCH01 _h1355 |
||
| 590 |
_aE11695DGD _b10 _c20140808 _lUCH01 _h1402 |
||
| 650 | 1 | 4 |
_aIndustria _xAmérica del Norte. _957687 |
| 650 | 1 | 4 |
_aIndustria _xClasificación. _957697 |
| 901 | _aBK | ||
| 942 | _cLIBRO | ||
| 942 | _n0 | ||
| 999 |
_c99339 _d99339 |
||